| 000 | 01544nam a22002537a 4500 | ||
|---|---|---|---|
| 008 | 251024b |||||||| |||| 00| 0 eng d | ||
| 020 | _a9781035420612 | ||
| 040 | _ctbs | ||
| 041 | _aeng | ||
| 050 |
_aTT505.M58 _bB38 2025 |
||
| 100 |
_aBateman, Kristen _924115 _eauthor |
||
| 245 |
_aLittle book of Miu Miu _b: the story of the iconic fashion house _c/ Kristen Bateman. |
||
| 246 | _aMiu Miu | ||
| 260 |
_aLondon : _bWelbeck, _c2025. |
||
| 300 |
_a160 pages : _billustrations, portraits (color) ; _c19 cm. |
||
| 490 | _aLittle books of fashion | ||
| 520 | _a Quirky, daring and unconventionally chic, Miu Miu is the fashion house for those that dare to be different. The cult little sister brand of Prada, the maison was launched as an 'anti-fashion' brand in 1993 and its pieces have been worn by celebrities including Sydney Sweeney and Chloƫ Sevigny. From recent viral micro-miniskirts and covetable ballet flats to archive whimsical prints, artist collaborations and off-kilter colors, Miu Miu is the brand designed with a rare female point of view for daring women. With over 100 images of their most iconic pieces, accompanied by expert text, Little Book of Miu Miu explores the history of the iconic fashion house whose current and archival designs are coveted by the It girls of today. | ||
| 610 | 0 |
_aMiu Miu (Brand) _xHistory _926314 |
|
| 610 | 0 |
_aPrada (Firm) _926315 |
|
| 650 | 0 |
_aPrada, Miuccia _xHistory _926312 |
|
| 650 | 0 |
_aPrada, Miuccia _xThemes, motives _926313 |
|
| 655 | 0 |
_aBiographies _922503 |
|
| 942 | _2lcc | ||
| 999 |
_c5101 _d5101 |
||